মানুষের ঠিকানা / (Record no. 53754)
[ view plain ]
| 000 -LEADER | |
|---|---|
| fixed length control field | 00911nam a2200253 a 4500 |
| 001 - CONTROL NUMBER | |
| control field | 53754 |
| 003 - CONTROL NUMBER IDENTIFIER | |
| rucl marc code | BD-RjUL |
| 005 - DATE AND TIME OF LATEST TRANSACTION | |
| control field | 20211209080021.0 |
| 008 - FIXED-LENGTH DATA ELEMENTS--GENERAL INFORMATION | |
| fixed length control field | 161024s1978 ii a|||| |||| 00| 0 ben d |
| 020 ## - INTERNATIONAL STANDARD BOOK NUMBER | |
| Terms of availability | : PRs 50.00 |
| 035 ## - SYSTEM CONTROL NUMBER | |
| System control number | (BD-RjUL)53876 |
| 040 ## - CATALOGING SOURCE | |
| Original cataloging agency | BD-RjUL |
| Language of cataloging | ben |
| Transcribing agency | BD-RjUL |
| 041 ## - LANGUAGE CODE | |
| Language code of text/sound track or separate title | ben |
| 082 ## - DEWEY DECIMAL CLASSIFICATION NUMBER | |
| Edition number | 23 |
| Classification number | 612 |
| Author mark and year | DAM 1978 |
| 100 ## - MAIN ENTRY--PERSONAL NAME | |
| Personal name | দাশগুপ্ত, অমল |
| 9 (RLIN) | 123221 |
| 245 10 - TITLE STATEMENT | |
| Title | মানুষের ঠিকানা / |
| Statement of responsibility, etc. | অমল দাশগুপ্ত |
| 250 ## - EDITION STATEMENT | |
| Edition statement | ২য় সং. |
| 260 ## - PUBLICATION, DISTRIBUTION, ETC. (IMPRINT) | |
| Place of publication, distribution, etc. | কলকাতা : |
| Name of publisher, distributor, etc. | লেখাপড়া, |
| Date of publication, distribution, etc. | ১৯৭৮ [১৩৮৫] |
| 300 ## - PHYSICAL DESCRIPTION | |
| Pagination | ৩১২ পৃ. : |
| Illustrations | চিত্র ; |
| Size | ২১ সেমি |
| 504 ## - BIBLIOGRAPHY, ETC. NOTE | |
| Bibliography, etc | গ্রন্থপঞ্জি সম্বলিত |
| 650 ## - SUBJECT ADDED ENTRY--TOPICAL TERM | |
| Topical term or geographic name as entry element | মানুষের দেহতত্ত্ব |
| 9 (RLIN) | 123222 |
| Topical term or geographic name as entry element | Human Physiology |
| 9 (RLIN) | 123223 |
| 942 ## - ADDED ENTRY ELEMENTS (KOHA) | |
| Source of classification or shelving scheme | Dewey Decimal Classification |
| Koha item type | Books |
| Lost status | Source of classification or shelving scheme | Damaged status | Not for loan | Collection code | Permanent Location | Current Location | Shelving location | Date acquired | Source of acquisition | Cost, normal purchase price | Total Checkouts | Full call number | Date last seen | Copy number | Koha item type |
|---|---|---|---|---|---|---|---|---|---|---|---|---|---|---|---|
| Dewey Decimal Classification | Non-fiction | Central Library, University of Rajshahi | Central Library, University of Rajshahi | 02/08/1984 | DUL | 50.00 | B 612 DAM 1978 | 24/10/2016 | C-2 | Books | |||||
| Dewey Decimal Classification | Non-fiction | Central Library, University of Rajshahi | Central Library, University of Rajshahi | 02/08/1984 | DUL | 50.00 | B 612 DAM 1978 | 24/10/2016 | C-3 | Books |